Conjeturas y refutaciones : el desarrollo del conocimiento científico /
Guardado en:
| Autor Principal: | |
|---|---|
| Formato: | Libro |
| Idioma: | Spanish English |
| Publicado: |
Barcelona :
Paidós,
1983.
|
| Edición: | 2a. ed., rev. y ampliada. |
| Series: | Paidós studio/básica ;
7. |
| Materias: | |
| Etiquetas: |
Agregar Etiqueta
Sin Etiquetas, Sea el primero en etiquetar este registro!
|
| LEADER | 00976nam a22002775a 4500 | ||
|---|---|---|---|
| 001 | EAD.ead000678 | ||
| 008 | 901026s1983####sp##############1###spa## | ||
| 005 | 20191108124441.0 | ||
| 245 | 1 | 0 | |a Conjeturas y refutaciones : |b el desarrollo del conocimiento científico / |c Karl R. Popper. |
| 250 | |a 2a. ed., rev. y ampliada. | ||
| 260 | |a Barcelona : |b Paidós, |c 1983. | ||
| 300 | |a 513 p. ; |c 22 cm. | ||
| 490 | 1 | |a Paidós studio/básica ; |v 7 | |
| 500 | |a Traducción de: Conjectures and refutations. The growth of scientific knowledge. | ||
| 500 | |a Incluye índices. | ||
| 020 | |a 8475091466 | ||
| 100 | 1 | 0 | |a Popper, Karl R. |q (Karl Raimund), |d 1902-1994. |
| 830 | 0 | |a Paidós studio/básica ; |v 7. | |
| 082 | 0 | 4 | |a 121 |2 21 |
| 650 | 0 | 7 | |a Filosofía de la ciencia. |2 unbist |
| 650 | 0 | 7 | |a Metafísica. |2 unbist |
| 010 | |z SAB9000094133 | ||
| 019 | |a B 211-1989 | ||
| 040 | |a M-BN-DP |b spa |c M-BN-DP | ||
| 041 | 1 | |a spa |h eng | |
| 859 | |a AR-BaBDC |b BIB. ADMINISTRACION - Libros |h 121 |i P811a2 |p b01665 | ||
